| 000 | 01098nam a22002657a 4500 | ||
|---|---|---|---|
| 005 | 20170124103140.0 | ||
| 010 | _aB-197479 | ||
| 020 |
_c175.00 _a8186730015 |
||
| 035 | _aB-197479 | ||
| 037 | _bCen Lib/Ret | ||
| 040 |
_aDPL _bHN |
||
| 082 |
_a230.53 _bभाटिया |
||
| 100 |
_aभाटिया, सुदर्शन _985533 |
||
| 245 |
_aदस नानक / _cसुदर्शन भाटिया |
||
| 246 |
_aDus Nanak / _bby Sudarshan Bhatiya |
||
| 260 |
_aदिल्ली _bराज पब्लिशिंग हाउस _c2006 |
||
| 270 |
_a9/5123, पुराना सीलमपुर (पूर्व) _bदिल्ली _e110031 |
||
| 300 |
_a114पृ. _c21सेमी(सजिल्द) |
||
| 500 | _aअनुक्रमणिका शामिल | ||
| 650 |
_aसिख धर्म _93671 |
||
| 650 |
_aगुरु नानक--कर्मो का प्रभाव _985534 |
||
| 650 |
_aSikhism _93669 |
||
| 650 |
_aGuru Nanak--effect of actions _985535 |
||
| 942 |
_2ddc _cHN _h230.53 _mभाटिया |
||
| 999 |
_c119544 _d119544 |
||